Представление документа в формате RUSMARC

ПолеНазваниеЗначение
  Тип записи a
  Библиографический уровень m
001 Контрольный номер RU/СЮИ МВД России/KNIGI/65.29я73/З-62-329121
005 Дата корректировки 20140508173758.7
010 Индекс ISBN __
a ISBN 978-5-8199-0500-5
010 Индекс ISBN __
a ISBN 978-5-16-005285-4
100 Данные общей обработки __
a Данные общей обработки 20120417d2012 |||y0rusy0189
101 Язык документа 0_
a Язык текста rus
102 Страна публикации __
a Страна публикации RU
105 Кодированные данные (монография) __
a Кодированные данные (монография) y j 000yy
200 Заглавие и сведения об ответственности 1_
a Заглавие Экономика предприятия
e Сведения, относящиеся к заглавию учебное пособие
f Первые сведения об ответственности А. Ф. Зимин
210 Выходные данные __
a Место издания М.
c Издательство Форум
a Место издания М.
c Издательство Инфра-М
d Дата издания 2012
215 Физическое описание __
a Объем 286 с.
225 Серия 2_
a Серия Высшее образование
300 Общие примечания __
a Общие примечания Допущено УМО для студентов вузов по специальности 080301 "Коммерция (торговое дело)"
320 Библиография __
a Библиография Библиогр.: с. 285-286
606 Тематические рубрики __
a Основная рубрика Бизнес
x Основная подрубрика Предпринимательство
x Основная подрубрика Экономика организации
x Основная подрубрика Экономика предприятия
y Географическая подрубрика Экономика фирмы
620 Место и дата публикации, исполнения и т.д. __
d Город Москва
686 Индексы других классификаций __
a Классификационный индекс 65.29я73
2 Код системы rubbk
686 Индексы других классификаций __
a Классификационный индекс 06.81
2 Код системы rugasnti
700 Автор _1
a Фамилия Зимин
b Имя А. Ф.
4 Код отношения 070
701 Альтернативная интеллектуальная ответственность _1
a Фамилия Тимирьянова
b Имя В. М.
4 Код отношения 070
801 Источник записи _0
b Организация СЮИ МВД России
a Страна RU
c Дата составления 20120417
801 Источник записи _1
a Страна RU
b Организация ПКИ
c Дата составления 20120417
852 Данные о местонахождении __
a Наименование организации СЮИ МВД России
b Сигла хранения ЧЗ_Поволжский филиал
i Авторский знак З-62
p Инвентарный номер 140835
j Шифр хранения 65.29я73
901 Тип документа __
t Тип документа m
938 Служебная информация __
a Название организации Поволжский филиал
b Имя БД Книги_Ирбис
c Название АИБС АБИС ИРБИС